| 000 | 02058nam a2200325Ia 4500 | ||
|---|---|---|---|
| 001 | C9596 | ||
| 003 | IT-RoPAU | ||
| 008 | 130308s9999 xx 000 0 und d | ||
| 040 | _aIT-RoPAU | ||
| 040 | _cIT-RoPAU | ||
| 041 | _aITALIANO | ||
| 100 | _aAlberione Giacomo | ||
| 100 | _gCodice Aut. SPICS: 10028 | ||
| 245 | _aUt perfectus sit homo dei (3) | ||
| 245 | _bUt Perfectus Sit Homo dei (3) | ||
| 250 | _a1a ed. | ||
| 260 | _aOSTIA | ||
| 260 | _bEdizioni Paoline | ||
| 260 | _c1962 [1° Ed.:1962 - Ed.Ling.Originale:1962] | ||
| 300 | _a"318 p. (prefazione: no ; testo: 318 [pagine: 0-0])" | ||
| 500 | _aTerza settimana del Mese di Esercizi Spirituali, Ariccia Aprile 1960. 11 Istruzion del Primo maestro D. Giacomo Alberione Su: sacra Scrittura, Carità Paolina, Zelo, visite Paterne Fraterne e Canoniche, Istituti Secolari, Apostolato delle Edizioni, Istituti della Famiglia Paolina, mezzi tecnici di Apostolato, Uffici nella Casa Generalizia, Governo dell'Istituto, Consigliogeneralizio Delegazioni regionali e superiori Locali. 11 Meditazioni di D.Pierino Marazza: Dare Gesu' Cristo via Verità e Vita con I Nostri mezzi Ecarattere Pastorale, Apostolato delle Tecniche Audiovisive, Nostro Debito Verso le masse e le Classi Elevate, ufficio Centrale delle Edizioni e Uffici Nazionali, Gerarchia delle Edizioni: Catechismo dottrina della Chiesa Scrittura e Tradizione, Casa degli Scrittori, Scienze Formative, Periodici, nova Et Vetera, Quidquid Bonum. 6 Conferenze: Tecnica del Cinema di D. Soligo, Unione Nazionale e internazionale del Cinema di D. Cozzani, Unione delle Edizioni in Lingua spagnola di D. Perino, ufficio Edizioni D'Italia e Rateale di D. Gambi, Unione delle Edizioni di Lingua inglese di D. Valente, Determinazioni per gli Istituti Secolari di D. Amorth. chiusura della Settimanada parte di D. Zanoni. | ||
| 650 | _aSCRITTI DI GIACOMO ALBERIONE | ||
| 650 | _eCodice materia Spics: 9901 | ||
| 700 | _aAA.VV. | ||
| 700 | _gCodice Aut. SPICS: 12000 | ||
| 942 | _cBK | ||
| 957 | _71 | ||
| 999 |
_c76231 _d76231 |
||
| 999 | _bSI | ||
| 999 | _g1 | ||